देह-देहरी : (Record no. 118748)
[ view plain ]
| 000 -LEADER | |
|---|---|
| fixed length control field | 01198nam a22002537a 4500 |
| 005 - DATE AND TIME OF LATEST TRANSACTION | |
| control field | 20170124103120.0 |
| 010 ## - LIBRARY OF CONGRESS CONTROL NUMBER | |
| LC control number | B-082012 |
| 020 ## - INTERNATIONAL STANDARD BOOK NUMBER | |
| Terms of availability | 295.00 |
| International Standard Book Number | 8178571137 |
| 035 ## - SYSTEM CONTROL NUMBER | |
| System control number | B-082012 |
| 037 ## - SOURCE OF ACQUISITION | |
| Source of stock number/acquisition | Cen Lib/Ret |
| 040 ## - CATALOGING SOURCE | |
| Original cataloging agency | DPL |
| Language of cataloging | HN |
| 082 ## - DEWEY DECIMAL CLASSIFICATION NUMBER | |
| Classification number | क |
| Item number | देहदे |
| 245 ## - TITLE STATEMENT | |
| Title | देह-देहरी : |
| Statement of responsibility, etc | संपादक चित्रा मुद्गल |
| Remainder of title | प्रतिनिधि महिला कथाकारों की कहानियां / |
| 246 ## - VARYING FORM OF TITLE | |
| Title proper/short title | Deh-dehri : pratinidhi mahila kathakaron ki kahaniyan / |
| Remainder of title | sampadak Chitra Mudgal |
| 260 ## - PUBLICATION, DISTRIBUTION, ETC. (IMPRINT) | |
| Place of publication, distribution, etc | दिल्ली |
| Name of publisher, distributor, etc | साहित्य प्रकाशन |
| Date of publication, distribution, etc | 2003 |
| 270 ## - ADDRESS | |
| Address | 101, फर्स्ट फ्लोर, प्रताप नगर, मयूर विहार-1 |
| City | दिल्ली |
| Postal code | 110091 |
| 300 ## - PHYSICAL DESCRIPTION | |
| Extent | 310पृ. |
| Dimensions | 21सेमी(सजिल्द ) |
| 650 ## - SUBJECT ADDED ENTRY--TOPICAL TERM | |
| Topical term or geographic name as entry element | साहित्य--कहानियां |
| General subdivision | |
| Geographic subdivision | |
| 9 (RLIN) | 81724 |
| 650 ## - SUBJECT ADDED ENTRY--TOPICAL TERM | |
| Topical term or geographic name as entry element | हिंदी कहानियां |
| 9 (RLIN) | 2082 |
| 650 ## - SUBJECT ADDED ENTRY--TOPICAL TERM | |
| Topical term or geographic name as entry element | Literature--Stories |
| 9 (RLIN) | 81725 |
| 650 ## - SUBJECT ADDED ENTRY--TOPICAL TERM | |
| Topical term or geographic name as entry element | Hindi Stories |
| 9 (RLIN) | 81726 |
| 700 ## - ADDED ENTRY--PERSONAL NAME | |
| Personal name | मुद्गल, चित्रा |
| 9 (RLIN) | 81727 |
| 942 ## - ADDED ENTRY ELEMENTS (KOHA) | |
| Source of classification or shelving scheme | Dewey Decimal Classification |
| Koha item type | Hindi Books |
| Classification part | क |
| Call number suffix | देहदे |
| Withdrawn status | Lost status | Damaged status | Not for loan | Home library | Current library | Date acquired | Source of acquisition | Cost, normal purchase price | Total Checkouts | Full call number | Barcode | Date last seen | Date checked out | Copy number | Cost, replacement price | Price effective from | Koha item type |
|---|---|---|---|---|---|---|---|---|---|---|---|---|---|---|---|---|---|
| Central Library | Central Library | 12/09/2015 | Cen Lib/Ret | 295.00 | 3 | क देहदे | B-082012 | 15/01/2018 | 30/12/2017 | 1 | 295.00 | 12/09/2015 | Hindi Books |
